000 00504nam a22001817a 4500
005 20260306055942.0
008 210430b ||||| |||| 00| 0 eng d
020 _a9788192406015
082 _a610.7368 KAP
100 _a Kapoor, Bimla.
245 _aTextbook of psychiatric nursing :
_c volume II.
250 _a3rd ed.
260 _aNew Delhi :
_bKumar Publishing House ;
_c2024.
300 _a492 p.
_c26 cm.
500 _aIncludes index.
650 _aPsychiatric nursing.
942 _2ddc
_cMAIN
999 _c10211
_d10212